000 00315nam a22001337a 4500
008 170607b xxu||||| |||| 00| 0 eng d
020 _a9781566430586
041 _aeng
080 _a32
100 _a18
101 _aSHP
245 _aONLY IN AMERICAN POLITICS UNITED STATES
_cWILSON.G.K
942 _2udc
_cBK
999 _c16275
_d16275